MARC details
| 000 -LEADER |
| fixed length control field |
02151cam a2200541 a 4500 |
| 001 - CONTROL NUMBER |
| control field |
20943 |
| 003 - CONTROL NUMBER IDENTIFIER |
| control field |
VRT |
| 005 - DATE AND TIME OF LATEST TRANSACTION |
| control field |
20260207111031.0 |
| 008 - FIXED-LENGTH DATA ELEMENTS--GENERAL INFORMATION |
| fixed length control field |
230403s1948 xo 000 d slo c |
| 015 ## - NATIONAL BIBLIOGRAPHY NUMBER |
| National bibliography number |
SNBA19451955-012817 |
| 035 ## - SYSTEM CONTROL NUMBER |
| System control number |
SK01SNKBKSFS20020095256 |
| 035 ## - SYSTEM CONTROL NUMBER |
| System control number |
urn:nbn:sk:snk-am3htfy |
| 035 ## - SYSTEM CONTROL NUMBER |
| System control number |
634DEA8B-9BF0-4511-B3DD-B69F92C31571 |
| 035 ## - SYSTEM CONTROL NUMBER |
| System control number |
urn:nbn:sk:snk-am00d8oq |
| 035 ## - SYSTEM CONTROL NUMBER |
| System control number |
SKM000097719 |
| 039 #9 - LEVEL OF BIBLIOGRAPHIC CONTROL AND CODING DETAIL [OBSOLETE] |
| Level of rules in bibliographic description |
202304032103 |
| Level of effort used to assign nonsubject heading access points |
VLOAD |
| Level of effort used to assign subject headings |
202212050958 |
| Level of effort used to assign classification |
VLOAD |
| Level of effort used to assign subject headings |
202205120837 |
| Level of effort used to assign classification |
VLOAD |
| Level of effort used to assign subject headings |
202108061508 |
| Level of effort used to assign classification |
msvkbb06 |
| 040 ## - CATALOGING SOURCE |
| Original cataloging agency |
SNK |
| Language of cataloging |
slo |
| Transcribing agency |
SNK |
| Description conventions |
AACR2 |
| 041 1# - LANGUAGE CODE |
| Language code of text/sound track or separate title |
slo |
| Language code of original |
rus |
| 044 ## - COUNTRY OF PUBLISHING/PRODUCING ENTITY CODE |
| MARC country code |
xo |
| ISO country code |
SK |
| 072 #7 - SUBJECT CATEGORY CODE |
| Subject category code |
821.161.1 |
| Subject category code subdivision |
Ruská literatúra |
| Source |
konspekt |
| 080 ## - UNIVERSAL DECIMAL CLASSIFICATION NUMBER |
| Universal Decimal Classification number |
821.161.1-2 |
| Edition identifier |
2011 |
| 080 ## - UNIVERSAL DECIMAL CLASSIFICATION NUMBER |
| Universal Decimal Classification number |
(0:82-22) |
| Edition identifier |
2011 |
| 100 1# - MAIN ENTRY--PERSONAL NAME |
| Personal name |
Turgenev, Ivan Sergejevič, |
| Dates associated with a name |
1818-1883 |
| Relationship |
aut |
| 240 10 - UNIFORM TITLE |
| Uniform title |
Mesjac v derevne |
| Language of a work |
Slovensky |
| 245 10 - TITLE STATEMENT |
| Title |
Mesiac na dedine |
| Remainder of title |
komédia v piatich dejstvách |
| Statement of responsibility, etc. |
Ivan Sergejevič Turgenev ; [preklad Karol Podolinský] |
| 260 ## - PUBLICATION, DISTRIBUTION, ETC. |
| Place of publication, distribution, etc. |
Turčiansky Sv. Martin |
| Name of publisher, distributor, etc. |
Ústredie slovenských ochotníckych divadiel |
| Date of publication, distribution, etc. |
1948 |
| Place of manufacture |
Turčiansky Sv. Martin |
| Manufacturer |
Neografia |
| 300 ## - PHYSICAL DESCRIPTION |
| Extent |
172, [1] s. |
| Dimensions |
20 cm |
| 490 1# - SERIES STATEMENT |
| Series statement |
Javisko |
| Volume/sequential designation |
sv. 21 |
| 500 ## - GENERAL NOTE |
| General note |
Preložené z ruštiny |
| 655 #7 - INDEX TERM--GENRE/FORM |
| Genre/form data or focus term |
divadelné komédie |
| Source of term |
SNKPH |
| 655 #7 - INDEX TERM--GENRE/FORM |
| Genre/form data or focus term |
ruské drámy |
| Source of term |
SNKPH |
| 655 #7 - INDEX TERM--GENRE/FORM |
| Genre/form data or focus term |
Comedies |
| Source of term |
SNKPHeng |
| 655 #7 - INDEX TERM--GENRE/FORM |
| Genre/form data or focus term |
Russian drama |
| Source of term |
SNKPHeng |
| 700 1# - ADDED ENTRY--PERSONAL NAME |
| Personal name |
Podolinský, Karol, |
| Dates associated with a name |
1903-1998 |
| Relationship |
trl |
| 700 1# - ADDED ENTRY--PERSONAL NAME |
| Personal name |
Rampák, Zoltán, |
| Dates associated with a name |
1920-1998 |
| Relationship |
edt |
| 830 #0 - SERIES ADDED ENTRY--UNIFORM TITLE |
| Uniform title |
Javisko |
| 910 ## - USER-OPTION DATA (OCLC) |
| User-option data |
snk |
| 942 ## - ADDED ENTRY ELEMENTS (KOHA) |
| Source of classification or shelving scheme |
Dewey Decimal Classification |
| Koha item type |
Krásna literatúra pre dospelých |
| Suppress in OPAC |
No |
| 949 ## - LOCAL PROCESSING INFORMATION (OCLC) |
| 6 |
270001000607194 |
| a |
svkbbS 49354 |
| b |
svkbbm 40314 |
| 949 ## - LOCAL PROCESSING INFORMATION (OCLC) |
| 6 |
270001000607192 |
| a |
svkbbS 49355 |
| b |
svkbbm 62771 |
| p |
Proveniencia: Peč.: Krajská ľudová knižnica Banská Bystrica |
| 949 ## - LOCAL PROCESSING INFORMATION (OCLC) |
| 6 |
273K0227133 |
| a |
svkpoA 53693 |
| b |
svkpo124278 |
| 949 ## - LOCAL PROCESSING INFORMATION (OCLC) |
| 6 |
273K0224907 |
| a |
svkpoA 54865 |
| b |
svkpo127243 |
| 949 ## - LOCAL PROCESSING INFORMATION (OCLC) |
| 6 |
17A0654527 |
| a |
snkSD 4951/21 D3 |
| b |
snkD 77/64 |
| q |
rekatalogizácia |
| 949 ## - LOCAL PROCESSING INFORMATION (OCLC) |
| 6 |
17A0304159 |
| a |
snkSD 4951/21 D1 |
| b |
snkKSD 102/59 |
| 949 ## - LOCAL PROCESSING INFORMATION (OCLC) |
| 6 |
17A0358538 |
| a |
snkSD 4951/21 D2 |
| b |
snkF 5761/62 |
| 949 ## - LOCAL PROCESSING INFORMATION (OCLC) |
| 6 |
17A0908187 |
| a |
snkSD 4951/21 |
| b |
snk3326/48 |
| o |
I. 83/48 - druhé evidenčné číslo |
| s |
6100:20180703 |